Odgadnij piłkarza po ścieżce transferowej - Statystyki

Ogólne statystyki
  • Ten quiz został rozwiązany 35 razy
  • Średni wynik to 10 z 15
Statystyki odpowiedzi
Ścieżka Piłkarz % Poprawnych
Znicz Pruszków --> Lech Poznań --> Borussia Dortmund --> Bayern Monachium --> Fc Barcelona Robert Lewandowski
100%
Legia --> Arsenal --> Brentford --> Arsenal --> AS Roma--> Juventus --> Fc Barcelona Wojciech Szczęsny
93%
Nacional --> Groningen --> Ajax --> Liverpool --> Fc Barcelona--> Atletico Madryt --> Nacional --> Gremio --> Inter Miami Luis Suarez
83%
Fc Groningen --> PSV --> Chelsea --> Real Madryt--> Bayern Monachium --> Fc Groningen Arjen Robben
80%
Górnik Zabrze --> Bayer Leverkusen --> Augsburg --> Bayer Leverkusen --> Ajax --> Napoli --> Olympique Marsylia --> Juventus Arkadiusz Milik
80%
Gremio --> PSG --> Fc Barcelona --> AC Milan --> Flamengo --> Atletico Mineiro --> Queretaro Fc --> Fluminese Ronaldinho
80%
Sevilla --> Real Madryt --> PSG --> Sevilla --> Monterrey Sergio Ramos
80%
As Monaco --> Juventus --> Arsenal --> Fc Barcelona --> New York RB Thierry Henry
67%
Nurnberg --> Borussia Dortmund --> Manchester City--> Fc Barcelona --> Manchester City --> Galatasaray Ilkay Gundogan
63%
Everton --> Manchester United --> Everton --> D.C. United--> Derby Wayne Rooney
63%
Atletico Madryt --> Manchester United --> Fiorentina David De Gea
60%
Hutnik Kraków --> Górnik Zabrze --> MSV Duisburg--> Schalke --> Nurnberg --> Southampton --> Derby --> ŁKS Łódź --> Górnik Zabrze --> ŁKS Łódź Tomasz Hajto
53%
Saint Etienne --> Borussia Dortmund --> Arsenal --> Barcelona--> Chelsea --> Olympique Marsylia --> Al-Qadsiah --> Olympique Marsylia Pierre-Emerick Aubameyang
50%
Fc Basel --> Bayern --> Inter --> Stoke City --> Liverpool--> Olympique Lyon --> Chicago Fire --> Fc Basel Xherdan Shaqiri
50%
Velez Sarsfield --> Fc Porto --> Atletico Mineiro --> Valencia--> Manchester City --> Benfica Nicolas Otamendi
33%
Nie znaleziono quizów pasujących do podanych kryteriów
Rozkład punktacji
Procent ludzi z każdym wynikiem
Percentyl według liczby udzielonych odpowiedzi
Twoja historia wyników
Nie rozwiązałeś tego quizu